00650nam a2200205 a 4500008004100000020002300041110006600064245003600130260006600166300002800232440003300260650002000293650002900313650002200342650002400364650002900388003000100417005001700418040000900435  a1860581633 (hbk. )0 aEnergy Committee of the Institution of Mechanical Engineers. 10aInvestment in Renewable Energy. aLondon :bProfessional Engineering Publishing Limited,c1998. a64 p. :bill. ;c24 cm. aIMechE Seminar Publication.  aSteam-turbines. aDigital control systems. 1aRenewable Energy. aSteam power plants. aDigital control systems.20230123134220.0 cNUST